000 00819nac a22002171u 4500
010 _a 87020515
020 _a0387913114
082 0 0 _a621.3815
_bB2193
090 _c4500
_d4500
100 _aBannister, B. R.
245 1 0 _aFundamentals of modern digital systems /
_cB.R. Bannister and D.G. Whitehead.
250 _a2nd ed.
260 _aNew York, NY, USA :
_bSpringer-Verlag,1987
_c1987.
300 _aix, 304 p. :
_bill. ;
_c24 cm.
504 _aIncludes bibliographical references and index.
650 0 _aDigital electronics.
650 0 _aElectronic digital computers
_xCircuits.
700 1 _aWhitehead, D. G.
_q(Donald Gill)
942 _cBB
_k621.3815B2193
999 _c4500
_d4500